Reflexiones sobre la violencia

Bewaard in:
Bibliografische gegevens
Hoofdauteur: Sorel, Georges (Auteur)
Formaat: Boek
Taal:Spaans
Gepubliceerd in: Madrid Alianza 1976
Reeks:Libro de Bolsillo Alianza. Sección: Humanidades, 626
Onderwerpen:
Tags: Voeg label toe
Geen labels, Wees de eerste die dit record labelt!

MARC

LEADER 00000nam a2200000 a 4500
001 UCV0595
003 CL-VaPUC
008 881206e19760000SP |||||||||||||||||spa|d
082 0 4 |a 303.62  |b SOR  |2 21 
100 0 |a Sorel, Georges  |e author  |9 295059 
245 1 0 |a Reflexiones sobre la violencia 
300 |a 390 p 
942 |c BK 
945 |d 19881206 00:00:00 
260 |a Madrid  |b Alianza  |c 1976 
650 0 |a Psicología social   |9 222894 
650 0 |a Sociología   |9 255410 
650 0 |a Violencia  |9 255411 
583 |a last modification  |c 19881206 00:00:00  |k Rodrigo Vera 
490 0 |a Libro de Bolsillo Alianza. Sección: Humanidades, 626 
999 |c 208974  |d 208972 
952 |0 0  |1 0  |4 0  |6 303_620000000000000_SOR_1976  |7 0  |8 DER_TF  |9 184035  |a BIBDER  |b BIBDER  |d 2019-11-14  |i 2510235  |o 303.62 SOR 1976  |p 2510235  |r 2023-01-25  |w 2019-11-14  |x Ubicación 4to Piso  |y BK  |z Estos recursos deben solicitarse con anticipación  |k DER 
952 |0 0  |1 0  |4 0  |6 303_620000000000000_SOR_1976  |7 0  |8 A  |9 184036  |a BIBHIS  |b BIBHIS  |d 2019-11-14  |i 133722K  |l 3  |o 303.62 SOR 1976  |p 133722K  |r 2025-01-20  |s 2024-09-12  |w 2019-11-14  |y BK  |k HIS